| 000 | 00512nam a2200145Ia 4500 | ||
|---|---|---|---|
| 008 | 100204s9999 xx 000 0 und d | ||
| 082 | _b8036 | ||
| 100 | _aवझे मुकुंद | ||
| 245 | _aशेष काही राहिले | ||
| 260 |
_b"ग्रंथाली वाचक चळवळ , मुंबई - कुर्ला" _c1985 |
||
| 300 | _a110 | ||
| 630 | _aशेष काही राहिले | ||
| 730 | _aशेष काही राहिले | ||
| 942 | _cBOOK | ||
| 999 |
_c452472 _d452469 |
||